Vainqueurs coupe de la ligue - Statistiques

Statistiques générales
  • Ce quiz a été pris 332 fois
  • Le résultat moyen est 23 sur 26
Statistiques - réponses
Année Vainqueur % Correct
1995 Paris Saint-Germain
100%
1998 Paris Saint-Germain
100%
2008 Paris Saint-Germain
100%
2014 Paris Saint-Germain
100%
2015 Paris Saint-Germain
100%
2016 Paris Saint-Germain
100%
2017 Paris Saint-Germain
100%
2018 Paris Saint-Germain
100%
2020 Paris Saint-Germain
100%
2010 Olympique de Marseille
98%
2011 Olympique de Marseille
98%
2012 Olympique de Marseille
98%
2001 Olympique Lyonnais
98%
2002 Girondins de Bordeaux
92%
2007 Girondins de Bordeaux
92%
2009 Girondins de Bordeaux
92%
1999 RC Lens
91%
2003 AS Monaco
89%
2013 AS Saint-Etienne
88%
1997 RC Strasbourg
87%
2005 RC Strasbourg
87%
2019 RC Strasbourg
87%
1996 FC Metz
71%
2006 AS Nancy Lorraine
62%
2004 FC Sochaux Montbéliard
62%
2000 FC Gueugnon
38%
Aucun quiz correspondant
Distribution des résultats
% des personnes avec chaque résultat
Percentile par nombre de réponses
Votre historique - résultats
Vous n’avez pas pris ce quiz